| 000 | 00385nam a2200145Ia 4500 | ||
|---|---|---|---|
| 008 | 230917s9999||||xx |||||||||||||| ||und|| | ||
| 040 |
_e47723 _aMAIN |
||
| 041 | _aEnglish | ||
| 082 | _a843.5 S42B:S | ||
| 100 | _aBrombert, Victor | ||
| 245 | 0 | _aStendhal: fiction and the themes of freedom | |
| 260 |
_aChicago _bUniversity of Chicago Press _c1976 |
||
| 300 | _a207 p. | ||
| 942 | _cBK | ||
| 999 |
_c213390 _d213390 |
||